000 00635nam a2200217 4500
001 85292
003 BD-RjUL
005 20250723122611.0
008 250723s19831979ii ||||| |||| 00| 0 urd d
035 _a(BD-RjUL) 85292
040 _aBD-RjUL
_beng
_cBD-RjUL
041 _aurd
082 _223
_a891.43909
_bAHA 1983
100 _aAḥmad, Kalīmuddīn
245 _aAdabī tanqīd ke uṣūl /
_c Kalīmuddīn Aḥmad
250 _a2nd.ed,
260 _a Naʼī Dihlī:
_b Ke. Jī. Sayyidain Memoriyal Ṭrusṭ,
_c 1983
300 _a64 pages
_c21cm
650 _aUrdu literature
_vHistory and criticis
_916219
942 _2ddc
_cBK
999 _c85292
_d85292